书目信息 |
| 题名: |
塑造金牌健身教练
|
|
| 作者: | 相建华 , 张瑛玮 , 王东 著 | |
| 分册: | ||
| 出版信息: | 北京 人民体育出版社 2008 |
|
| 页数: | 509页 | |
| 开本: | 21cm | |
| 丛书名: | 现代健身房丛书 | |
| 单 册: | ||
| 中图分类: | G831.32 | |
| 科图分类: | ||
| 主题词: | 健身运动--教练员--基本知识 , 健身运动 , 教练员 | |
| 电子资源: | ||
| ISBN: | 978-7-5009-3352-6 | |
| 000 | 01201oam2 2200313 45 | |
| 001 | 1132076702 | |
| 005 | 20110314090523.07 | |
| 010 | @a978-7-5009-3352-6@dCNY30.00 | |
| 100 | @a20110122d2008 ekmy0chiy0120 ea | |
| 101 | 0 | @achi |
| 102 | @aCN@b110000 | |
| 105 | @aa z 000yy | |
| 106 | @ar | |
| 200 | 1 | @a塑造金牌健身教练@ASu Zao Jin Pai Jian Shen Jiao Lian@e现代健身房教练职业技能规范@EXian Dai Jian Shen Fang Jiao Lian Zhi Ye Ji Neng Gui Fan@f相建华,张瑛玮,王东著@FXiang Jian Hua, Zhang Ying Wei, Wang Dong Zhu |
| 210 | @a北京@c人民体育出版社@d2008 | |
| 215 | @a509页@c图@d21cm | |
| 225 | 2 | @a现代健身房丛书 |
| 330 | @a本书共10章,包括:健身运动概述、健身教练的职业与规范、健身教练课前工作程序、健身锻炼的指导技巧、体能锻炼的指导技巧等。 | |
| 461 | 0 | @12001 @a现代健身房丛书 |
| 517 | 1 | @a现代健身房教练职业技能规范@AXian Dai Jian Shen Fang Jiao Lian Zhi Ye Ji Neng Gui Fan |
| 606 | 0 | @a健身运动@x教练员@x基本知识 |
| 606 | 0 | @a健身运动 |
| 606 | 0 | @a教练员 |
| 690 | @aG831.32@v4 | |
| 701 | 0 | @a相建华@AXiang Jian Hua@4著 |
| 701 | 0 | @a张瑛玮@AZhang Ying Wei@4著 |
| 701 | 0 | @a王东@AWang Dong@4著 |
| 801 | 0 | @aCN@bTANGWEI@c20110314 |
| 905 | @b0532346-50@dG831.32@e114@f5 | |
| 塑造金牌健身教练:现代健身房教练职业技能规范/相建华,张瑛玮,王东著.-北京:人民体育出版社,2008 |
| 509页:图;21cm.-(现代健身房丛书) |
| ISBN 978-7-5009-3352-6:CNY30.00 |
| 本书共10章,包括:健身运动概述、健身教练的职业与规范、健身教练课前工作程序、健身锻炼的指导技巧、体能锻炼的指导技巧等。 |
| ● |
| 相关链接 |
|
|
|
|
正题名:塑造金牌健身教练
索取号:G831.32/114
 
预约/预借
| 序号 | 登录号 | 条形码 | 馆藏地/架位号 | 状态 | 备注 |
| 1 | 0532346 | 205323461 | 第一样本阅览室/ [索取号:G831.32/114] | 在馆 | |
| 2 | 0532347 | 205323470 | 第四借阅区/ [索取号:G831.32/114] | 在馆 | |
| 3 | 0532348 | 205323489 | 第四借阅区/ [索取号:G831.32/114] | 在馆 | |
| 4 | 0532349 | 205323498 | 第四借阅区/ [索取号:G831.32/114] | 在馆 | |
| 5 | 0532350 | 205323504 | 密集书库-体育系/ [索取号:G831.32/114] | 在馆 |